Constitution and fundamental rights (Record no. 423984)

000 -LEADER
fixed length control field 00438cam a22001337a 4500
008 - FIXED-LENGTH DATA ELEMENTS--GENERAL INFORMATION
fixed length control field 180718b1955 xxu||||| |||| 00| 0 eng d
082 ## - DEWEY DECIMAL CLASSIFICATION NUMBER
Classification number C41x54 Iy9
100 ## - MAIN ENTRY--PERSONAL NAME
Personal name Aiyar, Alladi Krishaswami
245 ## - TITLE STATEMENT
Title Constitution and fundamental rights
Statement of responsibility, etc. by Alladi Krishaswami Aiyar
260 ## - PUBLICATION, DISTRIBUTION, ETC.
Place of publication, distribution, etc. Mylapore
Name of publisher, distributor, etc. The Srinivas Sastri Institute of Politics
Date of publication, distribution, etc. 1955
300 ## - PHYSICAL DESCRIPTION
Extent xiv, 80p
650 ## - SUBJECT ADDED ENTRY--TOPICAL TERM
Topical term or geographic name entry element Constitutional law --India
650 ## - SUBJECT ADDED ENTRY--TOPICAL TERM
Topical term or geographic name entry element Civil rights --India
Holdings
Withdrawn status Lost status Damaged status Not for loan Permanent Location Current Location Date acquired Full call number Barcode Date last seen Price effective from Koha item type
        Indian Institute of Public Administration Indian Institute of Public Administration 2009-09-14 C41x54 Iy9 2328 2018-07-21 2018-07-21 Book

Powered by Koha